Dr Stone : Personnages (2020) - Statistiques

Statistiques générales
  • Ce quiz a été pris 782 fois
  • Le résultat moyen est 14 sur 55
Statistiques - réponses
Personnage % Correct
Senku Ishigami
100%
Chrome
76%
Tsukasa Shishio
73%
Kohaku
70%
Gen Asagiri
62%
Taiju Oki
62%
Magma
61%
Suika
61%
Ginro
54%
Kinro
52%
Ruri
51%
Yuzuriha Ogawa
45%
Kaseki
42%
Hyoga
38%
Ukyo Saionji
37%
Byakuya Ishigami
36%
Dr. Xeno
34%
Ryusui Nanami
34%
Francois
32%
Yo Uei
29%
Stanlay
26%
Homura Momiji
22%
Ibara
18%
Kirisame
18%
Lillian Weinberg
18%
Mozu
18%
Turquoise
18%
Luna
16%
Mantle
16%
Amaryllis
15%
Jasper
15%
Connie Lee
11%
Soyuz
11%
Matsukaze
9%
Shamil Volkov
9%
Carlos
8%
Chelsea
8%
Kokuyo
8%
Oarashi
6%
Maya
5%
Chalk
4%
Darya Nikitina
4%
Ganen
4%
Sapphire
4%
Azura
3%
Carbo
3%
En
3%
Garnet
3%
Sho
3%
Genbu
2%
Natri
2%
Sagan
2%
Unmo
2%
Alabastar
1%
Yakove Nikitin
1%
Aucun quiz correspondant
Distribution des résultats
% des personnes avec chaque résultat
Percentile par nombre de réponses
Votre historique - résultats
Vous n’avez pas pris ce quiz